Loanwords used in English - Statistics

General Stats
  • This quiz has been taken 646 times
  • The average score is 9 of 20
Answer Stats
Hint Origin Answer % Correct
The feeling of having already experienced this French Déjà vu
94%
A large wave usually caused by earthquakes Japanese Tsunami
94%
A nursery school German Kindergarten
90%
Singing over backing tracks Japanese Karaoke
79%
A double, or look-alike person German Doppelgänger
74%
Bedtime attire Urdu Pyjamas
74%
A woodframe used for painting Dutch Easel
52%
An icon representing a person on the internet Sanskrit Avatar
48%
The Spirit of the Times German Zeitgeist
48%
Taking the law into their own hands Spanish Vigilante
44%
Taking pleasure in another's misfortune German Schadenfreude
40%
Violating a commonly accepted social rule French Faux Pas
39%
Compressed cannabis Arabic Hashish
28%
A black religious cult Kwa Voodoo
25%
Compelling attractiveness or charm Greek Charisma
16%
A legal official who investigates complaints Swedish Ombudsman
15%
Trousers held up by straps Hindi Dungaree
13%
Enthusiastic in battle Chinese Gung Ho
13%
An ardent admirer of something Spanish Aficionado
10%
A spoiled, ill tempered person Italian Prima Donna
7%
No matching quizzes found
Score Distribution
Percent of People with Each Score
Percentile by Number Answered
Your Score History
You have not taken this quiz